000
00191 a2200097 4500
020
_a
9780778323495
041
_a
eng
100
_a
Christimas Letters
245
_a
Debbie Macomber
942
_c
BK
999
_c
11075
_d
11075